मलाया झेमल्या (छोटी भूमी) पुनरुज्जीवन (Record no. 338482)

MARC details
000 -LEADER
fixed length control field 00838nam a2200169Ia 4500
008 - FIXED-LENGTH DATA ELEMENTS--GENERAL INFORMATION
fixed length control field 090711s9999 xx 000 0 und d
082 ## - DEWEY DECIMAL CLASSIFICATION NUMBER
Item number 1449
100 ## - MAIN ENTRY--PERSONAL NAME
Personal name लिओनिद इल्यिSा ब्रेझ्नेव
245 ## - TITLE STATEMENT
Title मलाया झेमल्या (छोटी भूमी) पुनरुज्जीवन
260 ## - PUBLICATION, DISTRIBUTION, ETC. (IMPRINT)
Name of publisher, distributor, etc तक्षशिला प्रकाशन
Date of publication, distribution, etc 1978
300 ## - PHYSICAL DESCRIPTION
Extent 128
600 ## - SUBJECT ADDED ENTRY--PERSONAL NAME
Personal name लिओनिद इल्यिSा ब्रेझ्नेव
630 ## - SUBJECT ADDED ENTRY--UNIFORM TITLE
Uniform title मलाया झेमल्या (छोटी भूमी) पुनरुज्जीवन
700 ## - ADDED ENTRY--PERSONAL NAME
Personal name लिओनिद इल्यिSा ब्रेझ्नेव
730 ## - ADDED ENTRY--UNIFORM TITLE
Uniform title मलाया झेमल्या (छोटी भूमी) पुनरुज्जीवन
942 ## - ADDED ENTRY ELEMENTS (KOHA)
Koha item type Book

No items available.